Por la senda de las rosas (Record no. 145795)

MARC details
000 -LEADER
campo de control de longitud fija 00550nam a2200181 i 4500
001 - NÚMERO DE CONTROL
campo de control 145795
003 - IDENTIFICADOR DE NÚMERO DE CONTROL
campo de control ES-MaACL
005 - FECHA Y HORA DE LA ÚLTIMA TRANSACCIÓN
campo de control 20230906201322.0
007 - CAMPO FIJO DE DESCRIPCIÓN FÍSICA--INFORMACIÓN GENERAL
campo de control de longitud fija t|
008 - DATOS DE LONGITUD FIJA--INFORMACIÓN GENERAL
campo de control de longitud fija 071017s1970 sp ||||1| spa d
100 1# - ENTRADA PRINCIPAL--NOMBRE DE PERSONA
Nombre de persona Verger, Maria (
Fechas asociadas al nombre 1892-1983)
9 (RLIN) 114095
245 10 - MENCIÓN DEL TÍTULO
Título Por la senda de las rosas
Resto del título : poema en XXVII cantos /
Mención de responsabilidad, etc. María Verger.
260 ## - PUBLICACIÓN, DISTRIBUCIÓN, ETC.
Lugar de publicación, distribución, etc. Madrid :
Nombre del editor, distribuidor, etc. [s.n.],
Fecha de publicación, distribución, etc. 1970 (
Fabricante Agisa)
300 ## - DESCRIPCIÓN FÍSICA
Extensión 43 p. ;
Dimensiones 21 cm.
852 ## - LOCALIZACIÓN
Ubicación ES-MaACL
Número de control de estantería C-42416
Sublocalización o colección R.81311
852 ## - LOCALIZACIÓN
Ubicación ES-MaACL
Número de control de estantería C-39707
Sublocalización o colección R.73215
852 ## - LOCALIZACIÓN
Ubicación ES-MaACL
Número de control de estantería C-39725
Sublocalización o colección R.76486
Holdings
Estatus retirado Estado de pérdida Estado de daño No para préstamo Biblioteca de origen Biblioteca actual Ubicación en estantería Fecha de adquisición Fuente de adquisición Total de préstamos Signatura topográfica completa Código de barras Visto por última vez Precio de reemplazo Tipo de ítem Koha
        Biblioteca del Ateneo de Madrid Biblioteca del Ateneo de Madrid Depósito 2 17/01/2008     C-39707 1152185 23/02/2023 23/02/2023 Libro impreso
        Biblioteca del Ateneo de Madrid Biblioteca del Ateneo de Madrid Depósito 2 17/01/2008     C-39725 1152186 23/02/2023 23/02/2023 Libro impreso
        Biblioteca del Ateneo de Madrid Biblioteca del Ateneo de Madrid Depósito 2 17/01/2008     C-42416 1152184 23/02/2023 23/02/2023 Libro impreso